000
00303nam a2200133Ia 4500
005
20251222144741.0
008
251222s9999||||xx |||||||||||||| ||spa||
082
_a
378.85/G16
100
_a
Gálvez, José
245
0
_a
Nuestra Pequeña Historia
250
_a
1ra.ed.
264
_b
UNMSM
942
_c
LIB
999
_c
18948
_d
18948